Scrubs Characters Quiz Stats

 Plays Quiz Updated Jun 12, 2019

Support Sporcle.
Go Orange.
Score 0/14 Timer 03:00
3 Plays Today
Actor Character Name % Correct
Zach BraffDr. John 'J.D.' Dorian
98.2%
Donald FaisonDr. Christopher Turk
97.2%
Sarah ChalkeDr. Elliot Reid
93.2%
John C. McGinleyDr. Perry Cox
92.7%
Judy ReyesNurse Carla Espinosa
90.5%
Neil FlynnJanitor
88.8%
Ken JenkinsDr. Bob Kelso
82.3%
Actor Character Name % Correct
Robert MaschioDr. Todd Quinlan
68.2%
Sam LloydTed Buckland
66.2%
Christa MillerJordan Sullivan
56.3%
Aloma WrightNurse Laverne Roberts
46.8%
Johnny KastlDr. Doug Murphy
25.2%
Eliza CoupeDr. Denise Mahoney
15.3%
Kerry BishéLucy Bennett
3.1%

You're not logged in!

Compare scores with friends on all Sporcle quizzes.
OR
Log In

From the Vault

Missing Word Crossword: Sitcoms

by BookishGirl98

It's time to show this quiz who's in charge.
Remove Ads.
Support Sporcle.
Get the best of Sporcle when you Go Orange. This ad-free experience offers more features, more stats, and more fun while also helping to support Sporcle. Thank you for becoming a member.

Show Comments

Extras

Top Quizzes Today


Score Distribution

Your Account Isn't Verified!

In order to create a playlist on Sporcle, you need to verify the email address you used during registration. Go to your Sporcle Settings to finish the process.

Report this User

Report this user for behavior that violates our Community Guidelines.

Details: